000
00507nam a2200145Ia 4500
008
090122s9999 xx 000 0 und d
082
_b
6521
_a
613
100
_a
कोल्हटकर
_b
उल्हास
_c
डॉ
245
_a
फिटे अंधाराचे जाळे
600
_a
कोल्हटकर
630
_a
फिटे अंधाराचे जाळे
700
_a
कोल्हटकर
730
_a
फिटे अंधाराचे जाळे
942
_c
BOOK
999
_c
30598
_d
30598